[Event "WCO2014"]
[Site "Tromso"]
[Date "2014.08.09"]
[Round "7.40"]
[WhiteID "15700097"]
[White "Mesfin Leykun"]
[BlackID "7601875"]
[Black "Iyti Basher"]
[Result "0-1"]
[LiveChessVersion "1.4.3"]
[BlackElo "2263"]
[WhiteElo "2131"]

1. e4 {[%clk 1:30:41]} g6 {[%clk 1:30:49]} 2. d4 {[%clk 1:30:22]} Bg7
{[%clk 1:31:13]} 3. Nc3 {[%clk 1:29:29]} d5 {[%clk 1:31:40]} 4. e5
{[%clk 1:24:46]} c5 {[%clk 1:28:06]} 5. f4 {[%clk 1:22:40]} cxd4 {[%clk 1:26:02]}
6. Qxd4 {[%clk 1:22:30]} e6 {[%clk 1:24:39]} 7. Nb5 {[%clk 1:14:51]} Ne7
{[%clk 1:24:32]} 8. Qc5 {[%clk 1:12:57]} O-O {[%clk 1:22:31]} 9. Nf3
{[%clk 1:06:24]} Nbc6 {[%clk 1:19:54]} 10. Nd6 {[%clk 1:04:44]} f6
{[%clk 1:15:30]} 11. Qa3 {[%clk 0:56:08]} fxe5 {[%clk 1:14:24]} 12. fxe5
{[%clk 0:49:01]} Nxe5 {[%clk 1:14:22]} 13. Nxe5 {[%clk 0:49:06]} Bxe5
{[%clk 1:14:39]} 14. Nxc8 {[%clk 0:48:26]} Nxc8 {[%clk 1:12:57]} 15. Qh3
{[%clk 0:42:07]} Qf6 {[%clk 1:12:44]} 16. Bd3 {[%clk 0:41:43]} Bxb2
{[%clk 1:09:47]} 17. Bxb2 {[%clk 0:41:15]} Qxb2 {[%clk 1:10:10]} 18. Qxe6+
{[%clk 0:40:32]} Kh8 {[%clk 1:10:35]} 19. Kd2 {[%clk 0:39:45]} Nb6
{[%clk 1:08:08]} 20. Raf1 {[%clk 0:31:43]} Nc4+ {[%clk 0:45:53]} 21. Bxc4
{[%clk 0:12:16]} dxc4 {[%clk 0:46:20]} 22. Rxf8+ {[%clk 0:12:34]} Rxf8
{[%clk 0:46:46]} 23. Qxc4 {[%clk 0:04:24]} Rd8+ {[%clk 0:46:55]} 24. Ke3
{[%clk 0:04:08]} Qe5+ {[%clk 0:46:28]} 25. Qe4 {[%clk 0:02:34]} Qc3+
{[%clk 0:45:48]} 26. Qd3 {[%clk 0:01:34]} Rxd3+ {[%clk 0:45:52]} 27. cxd3
{[%clk 0:02:02]} Qe5+ {[%clk 0:46:02]} 28. Kd2 {[%clk 0:00:45]} Qb2+
{[%clk 0:46:22]} 29. Ke3 {[%clk 0:01:10]} Qxg2 {[%clk 0:46:47]} 30. Rd1
{[%clk 0:01:21]} Qh3+ {[%clk 0:47:07]} 31. Kd2 {[%clk 0:01:02]} Qxh2+
{[%clk 0:47:31]} 32. Kc3 {[%clk 0:01:22]} Qxa2 {[%clk 0:47:57]} 33. d4
{[%clk 0:01:38]} Qa3+ {[%clk 0:48:20]} 34. Kd2 {[%clk 0:01:37]} Kg7
{[%clk 0:48:32]} 35. d5 {[%clk 0:01:58]} Qb2+ {[%clk 0:48:45]} 36. Ke3
{[%clk 0:02:06]} Qe5+ {[%clk 0:48:59]} 37. Kf2 {[%clk 0:02:30]} Qf4+
{[%clk 0:49:23]} 38. Ke2 {[%clk 0:02:39]} Qg4+ {[%clk 0:49:48]} 39. Ke1
{[%clk 0:02:41]} Qxd1+ {[%clk 0:50:05]} 40. Kxd1 {[%clk 0:02:49]} Kf6
{[%clk 0:50:30]} 41. Kd2 {[%clk 0:03:03]} Ke5 {[%clk 0:50:54]} 0-1

[Event "WCO2014"]
[Site "Tromso"]
[Date "2014.08.09"]
[Round "7.39"]
[WhiteID "7601735"]
[White "Omrani Hasan"]
[BlackID "15700330"]
[Black "Tadese Estube Haileselassie"]
[Result "1-0"]
[LiveChessVersion "1.4.3"]
[BlackElo "1952"]
[WhiteElo "2085"]

1. d4 {[%clk 1:30:40]} Nf6 {[%clk 1:30:44]} 2. Nf3 {[%clk 1:31:01]} d5
{[%clk 1:31:06]} 3. Bf4 {[%clk 1:30:33]} e6 {[%clk 1:31:08]} 4. e3
{[%clk 1:30:10]} Bd6 {[%clk 1:31:26]} 5. Bg3 {[%clk 1:30:04]} Ne4
{[%clk 1:31:12]} 6. Bd3 {[%clk 1:30:07]} Nxg3 {[%clk 1:30:18]} 7. hxg3
{[%clk 1:30:28]} Nd7 {[%clk 1:26:23]} 8. Nbd2 {[%clk 1:29:33]} c5
{[%clk 1:18:55]} 9. c3 {[%clk 1:29:48]} e5 {[%clk 1:14:58]} 10. dxe5
{[%clk 1:26:38]} Nxe5 {[%clk 1:15:16]} 11. Nxe5 {[%clk 1:26:28]} Bxe5
{[%clk 1:15:29]} 12. Qh5 {[%clk 1:24:19]} Bf6 {[%clk 1:12:08]} 13. Bb5+
{[%clk 1:19:02]} Bd7 {[%clk 1:03:25]} 14. Bxd7+ {[%clk 1:18:08]} Qxd7
{[%clk 1:03:49]} 15. O-O-O {[%clk 1:18:14]} Qc6 {[%clk 0:54:20]} 16. Nb3
{[%clk 1:08:59]} O-O-O {[%clk 0:48:22]} 17. Qxf7 {[%clk 1:05:08]} d4
{[%clk 0:40:24]} 18. cxd4 {[%clk 0:49:01]} cxd4+ {[%clk 0:40:43]} 19. Kb1
{[%clk 0:49:22]} Kb8 {[%clk 0:17:23]} 20. exd4 {[%clk 0:46:13]} Qxg2
{[%clk 0:17:03]} 21. Rhf1 {[%clk 0:39:00]} Rc8 {[%clk 0:14:58]} 22. Nc5
{[%clk 0:37:22]} Qf3 {[%clk 0:05:05]} 23. Rd3 {[%clk 0:33:43]} Qc6
{[%clk 0:03:36]} 24. Rc1 {[%clk 0:32:42]} Rc7 {[%clk 0:02:42]} 25. Na6+
{[%clk 0:24:49]} bxa6 {[%clk 0:02:03]} 26. Rb3+ {[%clk 0:25:08]} Ka8
{[%clk 0:01:03]} 27. Qxc7 {[%clk 0:25:14]} Qxc7 {[%clk 0:01:21]} 28. Rxc7
{[%clk 0:25:36]} Bxd4 {[%clk 0:01:41]} 29. f3 {[%clk 0:25:20]} Re8
{[%clk 0:01:30]} 30. f4 {[%clk 0:24:46]} Rg8 {[%clk 0:00:50]} 31. Rd3
{[%clk 0:24:31]} Bb6 {[%clk 0:01:08]} 32. Rf7 {[%clk 0:24:47]} h6
{[%clk 0:01:01]} 33. f5 {[%clk 0:24:43]} a5 {[%clk 0:00:45]} 34. Rdd7 1-0

[Event "WCO2014"]
[Site "Tromso"]
[Date "2014.08.09"]
[Round "7.38"]
[WhiteID "15700046"]
[White "Belachew Yimam Abera"]
[BlackID "7600909"]
[Black "Akhras Khaled"]
[Result "0-1"]
[LiveChessVersion "1.4.3"]
[BlackElo "2246"]
[WhiteElo "2194"]

1. e4 {[%clk 1:30:53]} c5 {[%clk 1:30:30]} 2. Nf3 {[%clk 1:31:11]} Nc6
{[%clk 1:29:36]} 3. d4 {[%clk 1:31:23]} cxd4 {[%clk 1:29:58]} 4. Nxd4
{[%clk 1:31:44]} Nf6 {[%clk 1:29:28]} 5. Nc3 {[%clk 1:31:57]} e5 {[%clk 1:29:08]}
6. Nf5 {[%clk 1:31:51]} d5 {[%clk 1:28:15]} 7. exd5 {[%clk 1:22:02]} Bxf5
{[%clk 1:28:00]} 8. dxc6 {[%clk 1:22:12]} Qxd1+ {[%clk 1:27:50]} 9. Nxd1
{[%clk 1:22:14]} bxc6 {[%clk 1:26:57]} 10. Ne3 {[%clk 1:22:16]} Be6
{[%clk 1:24:44]} 11. Ba6 {[%clk 1:22:21]} Rb8 {[%clk 1:23:22]} 12. O-O
{[%clk 1:22:00]} Nd5 {[%clk 1:20:06]} 13. b3 {[%clk 1:20:49]} Bc5
{[%clk 1:15:47]} 14. Bd2 {[%clk 1:17:36]} Nxe3 {[%clk 1:11:59]} 15. Bxe3
{[%clk 1:17:48]} Bxe3 {[%clk 1:12:09]} 16. fxe3 {[%clk 1:18:17]} Ke7
{[%clk 1:11:10]} 17. Bd3 {[%clk 1:18:25]} g6 {[%clk 1:10:49]} 18. Rf2
{[%clk 1:18:28]} Rhd8 {[%clk 1:06:09]} 19. Raf1 {[%clk 1:18:16]} f5
{[%clk 1:03:27]} 20. e4 {[%clk 1:18:21]} f4 {[%clk 1:03:39]} 21. h3
{[%clk 1:16:52]} a5 {[%clk 0:58:55]} 22. Rf3 {[%clk 1:12:49]} Rd4
{[%clk 0:53:48]} 23. Kf2 {[%clk 1:09:53]} g5 {[%clk 0:53:24]} 24. Ke1
{[%clk 1:09:01]} h5 {[%clk 0:48:45]} 25. Rh1 {[%clk 1:08:52]} a4 {[%clk 0:47:50]}
26. Kd2 {[%clk 1:06:56]} c5 {[%clk 0:45:30]} 27. Kc3 {[%clk 1:05:28]} c4
{[%clk 0:43:16]} 28. bxc4 {[%clk 1:04:43]} Bxc4 {[%clk 0:38:43]} 29. Ra1
{[%clk 0:53:51]} g4 {[%clk 0:34:40]} 30. Rf2 {[%clk 0:50:58]} Bxd3
{[%clk 0:31:04]} 31. cxd3 {[%clk 0:51:26]} Rc8+ {[%clk 0:31:02]} 32. Kd2
{[%clk 0:48:15]} Rcd8 {[%clk 0:31:03]} 33. Rb1 {[%clk 0:48:22]} Rxd3+
{[%clk 0:31:21]} 34. Ke1 {[%clk 0:48:37]} Re3+ {[%clk 0:25:08]} 35. Re2
{[%clk 0:48:35]} Rxe2+ {[%clk 0:22:33]} 36. Kxe2 {[%clk 0:48:54]} Rd4
{[%clk 0:22:58]} 37. Rb7+ {[%clk 0:48:53]} Kf6 {[%clk 0:23:15]} 38. h4
{[%clk 0:48:12]} Rxe4+ {[%clk 0:23:32]} 39. Kf2 {[%clk 0:48:17]} g3+
{[%clk 0:22:41]} 40. Kf1 {[%clk 0:48:36]} Rc4 {[%clk 0:22:21]} 41. Ke2
{[%clk 0:48:29]} Rc2+ {[%clk 0:17:27]} 42. Kf3 {[%clk 0:48:07]} Rxa2
{[%clk 0:16:47]} 43. Rb6+ {[%clk 0:48:20]} Kf5 {[%clk 0:16:38]} 44. Rb2
{[%clk 0:47:29]} e4+ {[%clk 0:16:55]} 0-1

[Event "WCO2014"]
[Site "Tromso"]
[Date "2014.08.09"]
[Round "7.37"]
[WhiteID "7601450"]
[White "Al-Tarbosh Ward"]
[BlackID "15700356"]
[Black "Altaye Girum Teklewold"]
[Result "1-0"]
[LiveChessVersion "1.4.3"]
[BlackElo "1960"]
[WhiteElo "2272"]

1. e4 {[%clk 1:30:58]} e6 {[%clk 1:30:48]} 2. d4 {[%clk 1:31:22]} d5
{[%clk 1:30:50]} 3. exd5 {[%clk 1:31:51]} exd5 {[%clk 1:31:03]} 4. Bd3
{[%clk 1:32:20]} Nf6 {[%clk 1:31:13]} 5. Bg5 {[%clk 1:32:49]} Be7
{[%clk 1:31:11]} 6. Nc3 {[%clk 1:33:09]} O-O {[%clk 1:30:03]} 7. Nge2
{[%clk 1:33:22]} Re8 {[%clk 1:27:58]} 8. h4 {[%clk 1:32:51]} h6 {[%clk 1:23:22]}
9. Bf4 {[%clk 1:32:55]} Bd6 {[%clk 1:21:55]} 10. Qd2 {[%clk 1:32:58]} Bxf4
{[%clk 1:14:47]} 11. Qxf4 {[%clk 1:33:22]} c6 {[%clk 1:14:35]} 12. f3
{[%clk 1:32:51]} b5 13. g4 {[%clk 1:31:02]} b4 {[%clk 1:03:26]} 14. Na4
{[%clk 1:31:20]} Ba6 {[%clk 1:02:39]} 15. Nc5 {[%clk 1:31:20]} Bxd3
{[%clk 0:59:56]} 16. Nxd3 {[%clk 1:30:12]} Qe7 {[%clk 0:59:51]} 17. Rh2
{[%clk 1:29:52]} Nh7 {[%clk 0:58:42]} 18. O-O-O {[%clk 1:29:11]} Qe3+
{[%clk 0:57:07]} 19. Qxe3 {[%clk 1:29:26]} Rxe3 {[%clk 0:57:29]} 20. Ng1
{[%clk 1:27:31]} a5 {[%clk 0:54:11]} 21. Kd2 {[%clk 1:25:11]} Re7
{[%clk 0:53:43]} 22. Ne2 {[%clk 1:21:49]} Raa7 {[%clk 0:49:19]} 23. Rdh1
{[%clk 1:20:41]} Nf8 {[%clk 0:48:35]} 24. Ng3 {[%clk 1:19:50]} Ne6
{[%clk 0:47:43]} 25. Nf5 {[%clk 1:17:40]} Re8 {[%clk 0:47:19]} 26. Re2
{[%clk 1:17:38]} Rd8 {[%clk 0:46:29]} 27. g5 {[%clk 1:15:09]} h5 {[%clk 0:45:43]}
28. g6 {[%clk 1:14:49]} fxg6 {[%clk 0:44:25]} 29. Rxe6 {[%clk 1:15:01]} gxf5
{[%clk 0:43:44]} 30. Nf4 {[%clk 1:15:28]} Kf7 {[%clk 0:43:59]} 31. Rhe1
{[%clk 1:15:55]} Rh8 {[%clk 0:42:05]} 32. R1e5 {[%clk 1:16:16]} Rf8
{[%clk 0:40:44]} 33. Rxf5+ {[%clk 1:15:45]} Kg8 {[%clk 0:40:55]} 34. Rxf8+
{[%clk 1:15:41]} Kxf8 {[%clk 0:41:22]} 35. Nxh5 {[%clk 1:15:57]} Kf7
{[%clk 0:40:57]} 36. Nf4 {[%clk 1:16:24]} Re7 {[%clk 0:40:18]} 37. Rxe7+
{[%clk 1:16:50]} Kxe7 {[%clk 0:40:38]} 38. Nd3 {[%clk 1:17:13]} Nd7
{[%clk 0:40:59]} 39. Ke3 {[%clk 1:17:08]} Kd6 {[%clk 0:38:44]} 40. Kf4
{[%clk 1:17:21]} Nf8 {[%clk 0:38:48]} 41. Kf5 {[%clk 1:17:47]} Ne6
{[%clk 0:38:08]} 42. c3 {[%clk 1:18:16]} c5 {[%clk 0:35:32]} 43. dxc5+
{[%clk 1:17:06]} Nxc5 {[%clk 0:35:45]} 44. Nxc5 {[%clk 1:15:01]} Kxc5
{[%clk 0:34:34]} 45. h5 {[%clk 1:15:09]} bxc3 {[%clk 0:33:16]} 46. bxc3
{[%clk 1:15:34]} a4 {[%clk 0:33:37]} 47. Kg6 {[%clk 1:15:25]} Kc4
{[%clk 0:34:00]} 48. Kxg7 {[%clk 1:15:53]} Kxc3 {[%clk 0:34:27]} 49. h6
{[%clk 1:16:16]} d4 {[%clk 0:32:47]} 50. h7 {[%clk 1:16:45]} d3 {[%clk 0:32:48]}
51. h8=Q {[%clk 1:17:11]} d2 {[%clk 0:32:17]} 52. Qd8 {[%clk 1:17:26]} Kc2
{[%clk 0:29:04]} 53. Qc7+ {[%clk 1:17:53]} Kb1 {[%clk 0:28:05]} 54. Qd7
{[%clk 1:18:10]} Kxa2 {[%clk 0:24:57]} 55. Qxd2+ {[%clk 1:18:31]} Kb3
{[%clk 0:25:01]} 56. f4 {[%clk 1:18:59]} 1-0

[Event "WCO2014"]
[Site "Tromso"]
[Date "2014.08.09"]
[Round "7.13"]
[WhiteID "11100109"]
[White "Warner Delisle"]
[BlackID "21100039"]
[Black "Bah Ebrima"]
[Result "1-0"]
[LiveChessVersion "1.4.3"]
[BlackElo "2070"]
[WhiteElo "2243"]

1. d4 {[%clk 1:30:30]} d5 {[%clk 1:30:48]} 2. c4 {[%clk 1:30:58]} c6
{[%clk 1:30:17]} 3. Nf3 {[%clk 1:31:18]} Nf6 {[%clk 1:29:24]} 4. Nc3
{[%clk 1:31:41]} e6 {[%clk 1:29:09]} 5. Bg5 {[%clk 1:31:48]} h6 {[%clk 1:28:10]}
6. Bh4 {[%clk 1:31:37]} Bb4 {[%clk 1:26:58]} 7. cxd5 {[%clk 1:31:46]} g5
{[%clk 1:24:59]} 8. Bg3 {[%clk 1:31:51]} Nxd5 {[%clk 1:24:18]} 9. Qb3
{[%clk 1:32:15]} Qa5 {[%clk 1:20:56]} 10. Rc1 {[%clk 1:32:32]} f5
{[%clk 1:19:04]} 11. e3 {[%clk 1:29:47]} Nd7 {[%clk 1:18:41]} 12. Bd3
{[%clk 1:29:39]} N7f6 {[%clk 1:16:28]} 13. O-O {[%clk 1:29:44]} Bxc3
{[%clk 1:13:45]} 14. bxc3 {[%clk 1:30:05]} O-O {[%clk 1:12:02]} 15. Nd2
{[%clk 1:29:37]} Qb6 {[%clk 1:09:30]} 16. Qc2 {[%clk 1:29:04]} Ne7
{[%clk 1:08:47]} 17. Bd6 {[%clk 1:29:18]} Qd8 {[%clk 1:08:51]} 18. Ba3
{[%clk 1:29:44]} b5 {[%clk 1:07:23]} 19. Qb3 {[%clk 1:27:59]} a5 {[%clk 1:06:31]}
20. Bc5 {[%clk 1:28:05]} a4 {[%clk 1:06:11]} 21. Qa3 {[%clk 1:28:20]} Rf7
{[%clk 1:05:46]} 22. c4 {[%clk 1:28:28]} Bd7 {[%clk 1:04:33]} 23. f3
{[%clk 1:28:23]} bxc4 {[%clk 1:00:28]} 24. Nxc4 {[%clk 1:27:39]} Nfd5
{[%clk 1:00:46]} 25. Rfe1 {[%clk 1:27:44]} Ng6 {[%clk 0:59:27]} 26. Nd6
{[%clk 1:25:19]} Rg7 {[%clk 0:59:13]} 27. e4 {[%clk 1:25:27]} fxe4
{[%clk 0:57:40]} 28. fxe4 {[%clk 1:25:56]} Ndf4 {[%clk 0:57:30]} 29. Bc4
{[%clk 1:25:57]} Kh7 {[%clk 0:55:38]} 30. g3 {[%clk 1:25:23]} Nh3+
{[%clk 0:54:10]} 31. Kg2 {[%clk 1:25:31]} Ngf4+ {[%clk 0:50:15]} 32. Kf1
{[%clk 1:23:02]} Ng6 {[%clk 0:47:10]} 33. Re2 {[%clk 1:20:46]} Qf6+
{[%clk 0:46:06]} 34. Ke1 {[%clk 1:20:22]} Rf8 {[%clk 0:45:45]} 35. e5
{[%clk 1:18:33]} Qf3 {[%clk 0:40:32]} 36. Qxf3 {[%clk 1:18:56]} Rxf3
{[%clk 0:40:52]} 37. Ne4 {[%clk 1:18:15]} Ng1 {[%clk 0:36:27]} 38. Nf6+
{[%clk 1:18:11]} Rxf6 {[%clk 0:34:38]} 39. exf6 {[%clk 1:18:40]} Nxe2 40. Kxe2
Rf7 {[%clk 0:33:10]} 41. Rf1 {[%clk 1:18:44]} h5 {[%clk 0:32:14]} 42. Kd2
{[%clk 1:18:46]} Kh6 {[%clk 0:23:44]} 43. Kc3 {[%clk 1:18:32]} g4
{[%clk 0:23:43]} 44. Kb4 {[%clk 1:18:11]} Kg5 {[%clk 0:22:15]} 45. d5
{[%clk 1:18:10]} Rxf6 {[%clk 0:20:22]} 46. Be3+ {[%clk 1:18:37]} Nf4
{[%clk 0:19:36]} 47. Bxf4+ {[%clk 1:17:10]} Kg6 {[%clk 0:19:22]} 48. d6
{[%clk 1:17:29]} Kf7 {[%clk 0:17:50]} 49. Kxa4 {[%clk 1:17:49]} Ke8
{[%clk 0:16:46]} 50. Bg5 {[%clk 1:17:56]} Rxf1 {[%clk 0:16:33]} 51. Bxf1
{[%clk 1:18:25]} c5+ 52. Bb5 c4 {[%clk 0:14:49]} 53. Kb4 {[%clk 1:18:31]} Bxb5
54. Kxb5 c3 55. Kc6 1-0

[Event "WCO2014"]
[Site "Tromso"]
[Date "2014.08.09"]
[Round "7.14"]
[WhiteID "21100055"]
[White "Dalliah Joseph"]
[BlackID "11101644"]
[Black "Husbands Orlando"]
[Result "1/2-1/2"]
[LiveChessVersion "1.4.3"]
[BlackElo "2118"]
[WhiteElo "2060"]

1. d4 {[%clk 1:30:56]} Nf6 {[%clk 1:30:59]} 2. Bf4 {[%clk 1:31:14]} e6
{[%clk 1:31:14]} 3. e3 {[%clk 1:31:34]} c5 {[%clk 1:31:39]} 4. Nf3
{[%clk 1:31:52]} Qb6 {[%clk 1:31:09]} 5. b3 {[%clk 1:32:06]} Nd5 {[%clk 1:29:43]}
6. Bg3 {[%clk 1:31:10]} cxd4 {[%clk 1:28:50]} 7. Qxd4 {[%clk 1:29:04]} Qa5+
{[%clk 1:29:04]} 8. Nfd2 {[%clk 1:28:46]} Nc6 {[%clk 1:29:13]} 9. Qb2
{[%clk 1:28:38]} Be7 {[%clk 1:29:12]} 10. c3 {[%clk 1:27:24]} O-O
{[%clk 1:23:57]} 11. Bd3 {[%clk 1:24:15]} f5 {[%clk 1:23:30]} 12. Nc4
{[%clk 1:23:09]} Qd8 {[%clk 1:23:21]} 13. O-O {[%clk 1:21:50]} b5
{[%clk 1:20:08]} 14. Nd6 {[%clk 1:21:14]} b4 {[%clk 1:17:18]} 15. Bc4
{[%clk 1:18:26]} bxc3 {[%clk 1:07:54]} 16. Nxc3 {[%clk 1:17:38]} Nxc3
{[%clk 1:08:22]} 17. Qxc3 {[%clk 1:18:00]} Bf6 {[%clk 1:08:34]} 18. Bxe6+
{[%clk 1:18:18]} dxe6 {[%clk 1:08:25]} 19. Qxc6 Bd7 20. Qc4 {[%clk 1:16:11]} Bxa1
{[%clk 1:05:24]} 21. Rxa1 {[%clk 1:16:39]} Qf6 {[%clk 1:05:18]} 22. Rd1
{[%clk 1:16:51]} Be8 {[%clk 0:54:15]} 23. h3 {[%clk 1:13:49]} Bh5
{[%clk 0:52:55]} 24. Rd4 {[%clk 1:10:25]} Kh8 {[%clk 0:51:10]} 25. Qc7
{[%clk 1:05:34]} Kg8 {[%clk 0:48:31]} 26. Bh4 {[%clk 1:02:43]} g5
{[%clk 0:45:42]} 27. Bg3 {[%clk 1:00:42]} f4 {[%clk 0:40:59]} 28. Ne4
{[%clk 0:59:19]} Qg7 {[%clk 0:37:45]} 29. Rd7 {[%clk 0:50:36]} Qa1+
{[%clk 0:37:52]} 30. Kh2 {[%clk 0:51:04]} fxg3+ 31. Qxg3 {[%clk 0:50:18]} Bg6
{[%clk 0:33:54]} 32. Nxg5 {[%clk 0:49:28]} Rad8 {[%clk 0:26:55]} 33. Rxa7
{[%clk 0:47:25]} Rd1 {[%clk 0:18:15]} 34. Qc7 {[%clk 0:46:38]} Rh1+
{[%clk 0:18:09]} 35. Kg3 {[%clk 0:46:51]} Qf6 {[%clk 0:18:34]} 36. f4
{[%clk 0:46:50]} Bf7 {[%clk 0:17:31]} 37. Qc2 {[%clk 0:38:28]} Qg6
{[%clk 0:12:47]} 38. Qxg6+ {[%clk 0:37:20]} Bxg6 {[%clk 0:13:14]} 39. Nxe6
{[%clk 0:37:30]} Re8 {[%clk 0:13:43]} 40. Ra6 {[%clk 0:36:22]} Re1
{[%clk 0:10:55]} 41. Kf2 {[%clk 0:35:31]} Rb1 {[%clk 0:11:07]} 42. g4
{[%clk 0:34:43]} Bf7 {[%clk 0:07:07]} 43. Ng5 {[%clk 0:27:22]} Bd5
{[%clk 0:05:48]} 44. Rd6 {[%clk 0:23:10]} Rb2+ {[%clk 0:05:55]} 45. Kg3
{[%clk 0:23:29]} Ba8 {[%clk 0:03:27]} 46. f5 {[%clk 0:21:37]} Be4
{[%clk 0:28:38]} 47. Rh6 {[%clk 0:39:36]} Rxa2 {[%clk 0:26:08]} 48. Nxh7
{[%clk 0:38:31]} Kg7 {[%clk 0:25:14]} 49. Rh5 {[%clk 0:38:00]} Rb2
{[%clk 0:24:47]} 50. Kf4 {[%clk 0:31:52]} Rxb3 {[%clk 0:20:57]} 51. f6+
{[%clk 0:30:49]} Kg6 {[%clk 0:19:32]} 52. f7 {[%clk 0:30:56]} Kxf7
{[%clk 0:19:55]} 53. Ng5+ {[%clk 0:31:11]} Kg6 {[%clk 0:20:13]} 54. Nxe4
{[%clk 0:31:20]} Rb4 {[%clk 0:20:41]} 55. Re5 {[%clk 0:31:16]} Rf8+
{[%clk 0:20:22]} 56. Kg3 {[%clk 0:30:45]} Rb1 {[%clk 0:19:15]} 57. h4
{[%clk 0:30:50]} Rg1+ {[%clk 0:19:30]} 1/2-1/2

[Event "WCO2014"]
[Site "Tromso"]
[Date "2014.08.09"]
[Round "7.16"]
[WhiteID "21100063"]
[White "Lemon Eliman"]
[BlackID "11101393"]
[Black "Poon Yu Tien"]
[Result "0-1"]
[LiveChessVersion "1.4.3"]
[BlackElo "2070"]
[WhiteElo "1884"]

1. e4 {[%clk 1:30:57]} c5 {[%clk 1:30:51]} 2. Nf3 {[%clk 1:31:11]} d6
{[%clk 1:31:15]} 3. d4 {[%clk 1:31:04]} cxd4 {[%clk 1:31:38]} 4. Nxd4
{[%clk 1:31:18]} Nf6 {[%clk 1:32:00]} 5. Nc3 {[%clk 1:31:26]} a6 {[%clk 1:32:18]}
6. Bd3 {[%clk 1:30:49]} e6 {[%clk 1:31:21]} 7. O-O {[%clk 1:30:35]} Nc6
{[%clk 1:31:18]} 8. Be3 {[%clk 1:30:26]} Be7 {[%clk 1:28:15]} 9. Re1
{[%clk 1:28:15]} Qc7 {[%clk 1:24:27]} 10. a3 {[%clk 1:25:04]} b5 {[%clk 1:23:01]}
11. Nxc6 {[%clk 1:16:55]} Qxc6 {[%clk 1:19:56]} 12. Qe2 {[%clk 1:16:53]} O-O
{[%clk 1:19:25]} 13. f4 {[%clk 1:13:38]} Bb7 14. Qf3 {[%clk 1:12:49]} Qc7
{[%clk 1:09:13]} 15. Qh3 {[%clk 1:11:26]} e5 16. f5 {[%clk 1:11:07]} h6
{[%clk 0:48:49]} 17. g4 {[%clk 1:09:13]} d5 {[%clk 0:48:30]} 18. Bf2
{[%clk 1:08:44]} dxe4 {[%clk 0:47:01]} 19. Nxe4 {[%clk 1:07:28]} Nxe4
{[%clk 0:47:24]} 20. Rxe4 {[%clk 1:05:05]} Bxe4 {[%clk 0:46:24]} 21. Bxe4
{[%clk 1:05:24]} Rad8 {[%clk 0:46:21]} 22. Qg3 {[%clk 1:03:00]} Bc5
{[%clk 0:43:19]} 23. Bd3 {[%clk 1:01:20]} Bxf2+ {[%clk 0:42:06]} 24. Kxf2
{[%clk 0:59:34]} f6 {[%clk 0:41:24]} 25. Qe3 {[%clk 0:59:10]} Rd6
{[%clk 0:40:26]} 26. Re1 {[%clk 0:56:57]} Rfd8 {[%clk 0:39:42]} 27. Re2
{[%clk 0:55:52]} Qb6 {[%clk 0:39:15]} 28. Qxb6 {[%clk 0:55:46]} Rxb6
{[%clk 0:39:39]} 29. b3 {[%clk 0:55:54]} Kf7 {[%clk 0:39:06]} 30. Re4
{[%clk 0:54:58]} Ke7 {[%clk 0:33:18]} 31. Ke3 {[%clk 0:54:51]} Rdd6
{[%clk 0:31:54]} 32. h3 {[%clk 0:51:57]} Kd7 {[%clk 0:32:10]} 33. Kd2
{[%clk 0:51:19]} Rd4 {[%clk 0:31:04]} 34. Ke3 {[%clk 0:48:30]} Rxe4+
{[%clk 0:29:38]} 35. Kxe4 {[%clk 0:48:52]} Kd6 {[%clk 0:30:03]} 36. Ke3
{[%clk 0:46:17]} Rb8 {[%clk 0:28:00]} 37. h4 {[%clk 0:46:01]} Kc5
{[%clk 0:26:16]} 38. Be2 {[%clk 0:45:56]} h5 {[%clk 0:22:07]} 39. g5
{[%clk 0:37:40]} fxg5 {[%clk 0:22:28]} 40. hxg5 {[%clk 0:37:53]} h4
{[%clk 0:22:52]} 41. Bf1 {[%clk 0:38:04]} Kd6 {[%clk 0:20:54]} 42. Kf3
{[%clk 0:37:16]} Rh8 {[%clk 0:18:14]} 43. Kg4 {[%clk 0:34:16]} e4
{[%clk 0:17:38]} 44. g6 {[%clk 0:31:29]} Ke5 {[%clk 0:17:40]} 45. Bh3
{[%clk 0:30:56]} Rf8 {[%clk 0:16:55]} 46. Kxh4 {[%clk 0:29:56]} Kf4
{[%clk 0:17:18]} 47. Bg4 {[%clk 0:29:58]} Rh8+ {[%clk 0:17:41]} 48. Bh5
{[%clk 0:30:25]} Kxf5 {[%clk 0:18:04]} 49. c4 {[%clk 0:29:53]} bxc4
{[%clk 0:17:39]} 50. bxc4 {[%clk 0:29:30]} Kf4 {[%clk 0:17:57]} 51. a4
{[%clk 0:29:40]} e3 {[%clk 0:18:04]} 0-1

[Event "WCO2014"]
[Site "Tromso"]
[Date "2014.08.09"]
[Round "7.9"]
[WhiteID "1800833"]
[White "Jones Richard S."]
[BlackID "10500359"]
[Black "Azahari Siti Nur Fatimah"]
[Result "1-0"]
[LiveChessVersion "1.4.3"]
[BlackElo "1985"]
[WhiteElo "2414"]

1. e4 {[%clk 1:30:49]} e5 {[%clk 1:30:51]} 2. Nf3 {[%clk 1:31:16]} Nf6
{[%clk 1:31:07]} 3. Nxe5 {[%clk 1:30:10]} d6 {[%clk 1:31:18]} 4. Nf3
{[%clk 1:30:35]} Nxe4 {[%clk 1:31:34]} 5. Nc3 {[%clk 1:31:02]} Nf6
{[%clk 1:31:32]} 6. d4 {[%clk 1:31:25]} Be7 {[%clk 1:31:18]} 7. Bd3
{[%clk 1:31:51]} O-O {[%clk 1:31:06]} 8. h3 {[%clk 1:32:08]} Re8 {[%clk 1:30:23]}
9. O-O {[%clk 1:31:08]} Nbd7 {[%clk 1:29:04]} 10. Bf4 {[%clk 1:30:41]} Nf8
{[%clk 1:15:20]} 11. Qd2 {[%clk 1:31:06]} Ng6 {[%clk 1:08:58]} 12. Bh2
{[%clk 1:31:30]} c6 {[%clk 1:07:19]} 13. a3 {[%clk 1:29:12]} d5 {[%clk 1:04:49]}
14. Rae1 {[%clk 1:25:23]} Bd6 {[%clk 0:56:56]} 15. Bxd6 {[%clk 1:22:55]} Qxd6
{[%clk 0:57:08]} 16. Rxe8+ {[%clk 1:23:03]} Nxe8 {[%clk 0:57:34]} 17. Re1
{[%clk 1:22:44]} Nf6 {[%clk 0:55:24]} 18. Ne5 {[%clk 1:21:32]} Be6
{[%clk 0:50:38]} 19. Na4 {[%clk 1:13:17]} Re8 {[%clk 0:40:42]} 20. Qb4
{[%clk 1:09:55]} Qxb4 {[%clk 0:30:37]} 21. axb4 {[%clk 1:10:22]} Nxe5
{[%clk 0:29:22]} 22. dxe5 {[%clk 1:08:59]} Ne4 {[%clk 0:25:04]} 23. Bxe4
{[%clk 1:06:34]} dxe4 {[%clk 0:25:32]} 24. Rxe4 {[%clk 1:05:21]} Rd8
{[%clk 0:25:11]} 25. Re3 {[%clk 0:38:29]} Rd1+ {[%clk 0:17:51]} 26. Kh2
{[%clk 0:38:55]} Bf5 {[%clk 0:14:44]} 27. Re2 {[%clk 0:32:19]} b6
{[%clk 0:08:41]} 28. g4 {[%clk 0:29:07]} Be6 {[%clk 0:07:45]} 29. Nc3
{[%clk 0:23:30]} Rd4 {[%clk 0:07:34]} 30. Ne4 {[%clk 0:22:40]} Rxb4
{[%clk 0:04:42]} 31. c3 {[%clk 0:22:23]} Ra4 {[%clk 0:04:06]} 32. Kg3
{[%clk 0:20:37]} h6 {[%clk 0:04:04]} 33. f4 {[%clk 0:20:44]} Bd5 {[%clk 0:03:09]}
34. Nd6 {[%clk 0:20:56]} g5 {[%clk 0:01:21]} 35. f5 {[%clk 0:18:28]} Ra1
{[%clk 0:01:46]} 36. Kf2 {[%clk 0:16:18]} Rh1 {[%clk 0:01:24]} 37. Re3
{[%clk 0:16:46]} Rh2+ {[%clk 0:01:29]} 38. Ke1 {[%clk 0:16:56]} Kf8
{[%clk 0:00:42]} 39. e6 {[%clk 0:16:48]} fxe6 {[%clk 0:01:02]} 40. fxe6
{[%clk 0:17:14]} Ke7 {[%clk 0:01:08]} 41. Nf5+ {[%clk 0:11:01]} Ke8
{[%clk 0:01:05]} 42. e7 {[%clk 0:10:51]} Rh1+ {[%clk 0:28:38]} 43. Kd2
{[%clk 0:41:47]} Rh2+ {[%clk 0:26:53]} 44. Kd3 {[%clk 0:42:06]} Bf7
{[%clk 0:13:58]} 45. Nd6+ {[%clk 0:40:34]} Kd7 {[%clk 0:10:30]} 46. Nxf7
{[%clk 0:40:42]} 1-0